| 000 | 01109nam a22002897a 4500 | ||
|---|---|---|---|
| 999 |
_c114135 _d114135 |
||
| 003 | dpl | ||
| 005 | 20181218145724.0 | ||
| 008 | 181218b ||||| |||| 00| 0 eng d | ||
| 010 | _aB-066056 | ||
| 020 |
_c150.00 _a8173153914 |
||
| 035 | _aB-066056 | ||
| 035 | _aB-78359 | ||
| 037 | _bCen Lib/Ret | ||
| 040 |
_aDPL _bHN _cdpl |
||
| 082 |
_aउ _bकामत |
||
| 100 |
_aकामत, सूर्यनाथ _955503 |
||
| 245 |
_aसम्राट कृष्णदेव राय / _cसूर्यनाथ कामत |
||
| 246 |
_aSamraat krishndev raye / _bby Sooryanath Kaamat |
||
| 260 |
_aनई दिल्ली _bप्रभात प्रकाशन _c2002 |
||
| 270 |
_a४/११, असफ अली रोड _bनई दिल्ली _e110002 |
||
| 300 |
_a151पृ. _c21सेमी(सजिल्द ) |
||
| 650 |
_aहिंदी साहित्य _x _z _955504 |
||
| 650 |
_aहिंदी उपन्यास _955505 |
||
| 650 |
_aHindi literature _v _955506 |
||
| 650 |
_aHindi novels _955507 |
||
| 942 |
_2ddc _cHN _hउ _mकामत |
||